000 01050cam a2200289 a 4500
001 3486142
003 OSt
005 20240514171944.0
008 940315s1995 enka 001 0 eng
010 _a 94011666
020 _a0521239419 (hardback)
020 _a0521283582 (paperback)
040 _aDLC
_cDLC
_dDLC
082 0 0 _a530.41 TAN 1995
_220
100 1 _aTanner, B. Keith
_913404
245 1 0 _aIntroduction to the Physics of Electrons in Solids
260 _aCambridge;
_bCambridge University Press,
_c1995.
300 _axvii, 246 p. :
_bill. ;
_c23 cm.
500 _aIncludes index.
650 0 _aSolid state physics.
_9376
650 0 _aSemiconductors.
_913406
856 4 1 _3Table of contents
_uhttp://www.loc.gov/catdir/toc/cam041/94011666.html
856 4 2 _3Publisher description
_uhttp://www.loc.gov/catdir/description/cam026/94011666.html
906 _a7
_bcbc
_corignew
_d1
_eocip
_f19
_gy-gencatlg
942 _2ddc
_cO_SHELF
999 _c6525
_d6525